Finite difference methods for ordinary and partial differential equations: steady-state and time-dependent problems

Uloženo v:
Podrobná bibliografie
Hlavní autor: Leveque, Randall J (Autor)
Médium: Kniha
Jazyk:angličtina
Vydáno: Filadelfia Society for Industrial and Applied Mathematics 2007
Vydání:1a. ed
Témata:
Tagy: Přidat tag
Žádné tagy, Buďte první, kdo vytvoří štítek k tomuto záznamu!

MARC

LEADER 00000cam a2200000 a 4500
001 UCD3206
003 CL-VaPUC
008 160526e20070000us |||||||||||||||||eng|d
020 |a 9780898716290 
082 0 4 |a 515.353  |b LEV  |2 21 
100 |a Leveque, Randall J  |e author  |9 586574 
245 1 0 |a Finite difference methods for ordinary and partial differential equations: steady-state and time-dependent problems 
250 |a 1a. ed 
300 |a 341 p 
942 |c BK 
945 |d 20160526 21:26:00  |a arojas 
260 |a Filadelfia  |b Society for Industrial and Applied Mathematics  |c 2007 
650 0 |a Ecuaciones diferenciales parciales   |9 269889 
650 7 |a REDES MATEMATICAS  |2 CL-VaPUC  |9 324598 
583 |a last modification  |c 20160526 21:26:00  |k Rodrigo Vera 
999 |c 364243  |d 364241 
952 |0 0  |1 0  |3 erb  |4 0  |6 515_353000000000000_LEV_2007  |7 0  |8 A  |9 477222  |a BIBMAT  |b BIBMAT  |i 5287952  |o 515.353 LEV 2007  |p 5287952  |r 2025-01-07  |w 2019-11-24  |y BK  |z Catalogado en:20160526  |k MAT